Eastern Utah Libraries Catalog: Duchesne, Heber, Roosevelt, & Vernal

The fairy-tale detectives / (Record no. 265248)

MARC details
000 -LEADER
fixed length control field 02296cam a2200577Ia 4500
001 - CONTROL NUMBER
control field ocn173217904
003 - CONTROL NUMBER IDENTIFIER
control field OCoLC
005 - DATE AND TIME OF LATEST TRANSACTION
control field 20200414095110.0
008 - FIXED-LENGTH DATA ELEMENTS--GENERAL INFORMATION
fixed length control field 070921s2007 nyua c 000 1 eng
020 ## - INTERNATIONAL STANDARD BOOK NUMBER
International Standard Book Number 9780810993228
Qualifying information (pbk.)
020 ## - INTERNATIONAL STANDARD BOOK NUMBER
International Standard Book Number 0810993228
Qualifying information (pbk.)
020 ## - INTERNATIONAL STANDARD BOOK NUMBER
International Standard Book Number 9781607443285
Qualifying information (Pumpkin books bndg.)
020 ## - INTERNATIONAL STANDARD BOOK NUMBER
International Standard Book Number 1607443287
Qualifying information (Pumpkin books bndg.)
035 ## - SYSTEM CONTROL NUMBER
System control number (OCoLC)173217904
Canceled/invalid control number (OCoLC)86079612
040 ## - CATALOGING SOURCE
Original cataloging agency IFA
Language of cataloging eng
Transcribing agency IFA
Modifying agency BAKER
-- OCLCG
-- PX0
-- UBY
-- IHI
-- YDXCP
-- OCLCQ
-- BDX
-- OCLCA
-- OCLCO
-- OCLCQ
-- OCLCO
-- OCLCF
-- OCLCO
-- WACOL
Description conventions rda
049 ## - LOCAL HOLDINGS (OCLC)
Holding library WACL
050 14 - LIBRARY OF CONGRESS CALL NUMBER
Classification number PZ7.B882323
Item number Sis 2005
082 04 - DEWEY DECIMAL CLASSIFICATION NUMBER
Classification number [Fic]
Edition number 22
092 ## - LOCALLY ASSIGNED DEWEY CALL NUMBER (OCLC)
Classification number junior fiction
Item number Buc
100 1# - MAIN ENTRY--PERSONAL NAME
Personal name Buckley, Michael.
9 (RLIN) 24197
245 14 - TITLE STATEMENT
Statement of responsibility, etc Michael Buckley ; pictures by Peter Ferguson.
Title The fairy-tale detectives /
260 ## - PUBLICATION, DISTRIBUTION, ETC. (IMPRINT)
Place of publication, distribution, etc New York :
Name of publisher, distributor, etc Amulet Books,
Date of publication, distribution, etc ©2007.
264 ## - Production, Publication, Distribution, Manufacture, and Copyright Notice.
Place of production, publication, distribution, manufacture New York :
Name of producer, publisher, distributor, manufacturer Amulet Books,
Date of production, publication, distribution, manufacture, or copyr ©2007.
300 ## - PHYSICAL DESCRIPTION
Extent 284 pages :
Other physical details color illustrations ;
Dimensions 19 cm.
336 ## - Content Type
Content type term text
337 ## - Media type
Media type term unmediated
338 ## - Carrier type
Carrier type term volume
490 1# - SERIES STATEMENT
Series statement The Sisters Grimm ;
Volume number/sequential designation bk. 1
520 ## - SUMMARY, ETC.
Summary, etc Orphans Sabrina and Daphne Grimm are sent to live with an eccentric grandmother that they have always believed to be dead.
521 ## - TARGET AUDIENCE NOTE
Target audience note junior fiction
Source amazon
650 #0 - SUBJECT ADDED ENTRY--TOPICAL TERM
Topical term or geographic name as entry element Sisters
Form subdivision Juvenile fiction.
9 (RLIN) 5674652
650 #0 - SUBJECT ADDED ENTRY--TOPICAL TERM
Topical term or geographic name as entry element Orphans
Form subdivision Juvenile fiction.
9 (RLIN) 5673937
650 #0 - SUBJECT ADDED ENTRY--TOPICAL TERM
Topical term or geographic name as entry element Grandmothers
Form subdivision Juvenile fiction.
9 (RLIN) 5683771
650 #0 - SUBJECT ADDED ENTRY--TOPICAL TERM
Topical term or geographic name as entry element Monsters
Form subdivision Juvenile fiction.
9 (RLIN) 5674163
650 #1 - SUBJECT ADDED ENTRY--TOPICAL TERM
Topical term or geographic name as entry element Sisters
Form subdivision Fiction.
9 (RLIN) 5674091
650 #1 - SUBJECT ADDED ENTRY--TOPICAL TERM
Topical term or geographic name as entry element Orphans
Form subdivision Fiction.
9 (RLIN) 5673861
650 #1 - SUBJECT ADDED ENTRY--TOPICAL TERM
Topical term or geographic name as entry element Grandmothers
Form subdivision Fiction.
9 (RLIN) 5686024
650 #1 - SUBJECT ADDED ENTRY--TOPICAL TERM
Topical term or geographic name as entry element Monsters
Form subdivision Fiction.
9 (RLIN) 5674164
650 #7 - SUBJECT ADDED ENTRY--TOPICAL TERM
Topical term or geographic name as entry element Grandmothers.
Source of heading or term fast
9 (RLIN) 5838702
650 #7 - SUBJECT ADDED ENTRY--TOPICAL TERM
Topical term or geographic name as entry element Monsters.
Source of heading or term fast
9 (RLIN) 5838703
650 #7 - SUBJECT ADDED ENTRY--TOPICAL TERM
Topical term or geographic name as entry element Orphans.
Source of heading or term fast
9 (RLIN) 5838704
650 #7 - SUBJECT ADDED ENTRY--TOPICAL TERM
Topical term or geographic name as entry element Sisters.
Source of heading or term fast
9 (RLIN) 5838705
655 #0 - INDEX TERM--GENRE/FORM
Genre/form data or focus term Children's stories.
9 (RLIN) 5838706
655 #7 - INDEX TERM--GENRE/FORM
Genre/form data or focus term Fiction.
Source of term fast
9 (RLIN) 5673940
655 #7 - INDEX TERM--GENRE/FORM
Genre/form data or focus term Juvenile works.
Source of term fast
9 (RLIN) 5673941
700 1# - ADDED ENTRY--PERSONAL NAME
Personal name Ferguson, Peter,
Dates associated with a name 1968-
Relator term illustrator.
9 (RLIN) 51711
800 1# - SERIES ADDED ENTRY--PERSONAL NAME
Personal name Buckley, Michael,
Dates associated with a name 1969-
Title of a work Sisters Grimm ;
Volume/sequential designation bk. 1.
9 (RLIN) 5838707
856 42 - ELECTRONIC LOCATION AND ACCESS
Materials specified Publisher description
Uniform Resource Identifier <a href="http://catdir.loc.gov/catdir/enhancements/fy0630/2005011784-d.html">http://catdir.loc.gov/catdir/enhancements/fy0630/2005011784-d.html</a>
942 ## - ADDED ENTRY ELEMENTS (KOHA)
Koha item type BOOK
Source of classification or shelving scheme Dewey Decimal Classification
948 ## - LOCAL PROCESSING INFORMATION (OCLC); SERIES PART DESIGNATOR (RLIN)
Series part designator, SPT (RLIN) 08/14/2007
b (OCLC) 02/12/2019
z (OCLC) Sirsi
Holdings
Withdrawn status Lost status Source of classification or shelving scheme Damaged status Not for loan Collection code Home library Current library Shelving location Date acquired Source of acquisition Serial Enumeration / chronology Total Checkouts Total Renewals Full call number Barcode Date last seen Date checked out Cost, replacement price Price effective from Koha item type Checked out
    Dewey Decimal Classification     Junior Fiction Wasatch County Library Wasatch County Library Main Floor Junior Area 07/13/2020 Micromarketing #1 Sisters Grimm 21 21 J Buckley 34301001642901 02/24/2026 01/08/2026 8.95 07/13/2020 BOOK  
    Dewey Decimal Classification     Junior Fiction Wasatch County Library Wasatch County Library Main Floor Junior Area 08/26/2022 Amazon #1 Sisters Grimm 13 16 J Buckley 34301001806241 12/23/2025 12/23/2025 8.95 08/26/2022 BOOK 02/18/2026
This project was made possible through a grant from the Institute of Museum and Library Service administered by the Utah State Library Division.

Wasatch County Library

  • 465 East 1200 South, Heber City, Utah 84032
  • Phone 435-654-1511 | Fax 435-654-6456

Hours

  • Monday - Friday 9:30 AM - 8:00 PM
  • Saturday 9:30 AM - 1:30 PM
  • Closed Sundays and Holidays